[Event "23.Schlosspark-Open"]
[Site "Wiesbaden"]
[Date "2011.08.26"]
[Round "2.62"]
[White "Wöhl, Torsten"]
[Black "Sprünken, Dirk"]
[Result "0-1"]
[WhiteElo "1271"]
[BlackElo "1821"]
[PlyCount "70"]
[EventDate "2011.??.??"]
[WhiteTeam "SC Groß-Zimmern"]
[BlackTeam "SK Freising"]

1. e4 c6 2. d4 d5 3. e5 Bf5 4. Bd3 Bxd3 5. Qxd3 e6 6. Nf3 h6 7. Nbd2 Ne7 8. Nb3
b6 9. Bd2 Nf5 10. c4 Be7 11. cxd5 cxd5 12. Qb5+ Qd7 13. Qxd7+ Kxd7 14. O-O Nc6
15. a3 a5 16. Nc1 Nfxd4 17. Nxd4 Nxd4 18. Be3 Nc2 19. Ra2 Nxe3 20. fxe3 f6 21.
exf6 Bxf6 22. Nd3 Rac8 23. Rc1 Rxc1+ 24. Nxc1 Rc8 25. Ne2 Rc2 26. Nd4 Bxd4 27.
exd4 Rd2 28. h3 Rxd4 29. b3 Rd3 30. b4 a4 31. Kf2 e5 32. Ke2 e4 33. h4 g5 34.
Rd2 Rxd2+ 35. Kxd2 d4 0-1

[Event "23.Schlosspark-Open"]
[Site "Wiesbaden"]
[Date "2011.08.26"]
[Round "2.64"]
[White "Traut, Stefan"]
[Black "Rosmanitz, Anna"]
[Result "1-0"]
[WhiteElo "1776"]
[BlackElo "1280"]
[PlyCount "75"]
[EventDate "2011.??.??"]
[WhiteTeam "Sfr. Heusenstamm"]
[BlackTeam "SC 1979 Hattersheim"]

1. d4 d5 2. Nf3 Nf6 3. c4 e6 4. g3 Be7 5. Bg2 O-O 6. Qc2 Ne4 7. O-O Nc6 8. Nbd2
Nxd2 9. Bxd2 b6 10. Rac1 Nb4 11. Bxb4 Bxb4 12. cxd5 exd5 13. Qxc7 Qxc7 14. Rxc7
Ba6 15. Rfc1 Rac8 16. Rxc8 Bxc8 17. e3 f6 18. Ne1 Bb7 19. Nd3 Bd6 20. Nf4 Bxf4
21. gxf4 g5 22. fxg5 fxg5 23. Rc7 Ba6 24. Bxd5+ Kh8 25. Kg2 Rd8 26. Be4 Bc4 27.
Rxc4 b5 28. Rc7 Kg8 29. Bxh7+ Kf8 30. Be4 a6 31. h3 Re8 32. Bf3 Re6 33. d5 Rd6
34. e4 Rh6 35. e5 Ke8 36. Bg4 Kd8 37. Rc8+ Ke7 38. d6+ 1-0

[Event "23.Schlosspark-Open"]
[Site "Wiesbaden"]
[Date "2011.08.26"]
[Round "2.65"]
[White "Hansch, Christian Min"]
[Black "Wohlfahrt, Michael"]
[Result "1-0"]
[WhiteElo "1229"]
[BlackElo "1765"]
[PlyCount "43"]
[EventDate "2011.??.??"]
[WhiteTeam "SC Turm Büdingen"]
[BlackTeam "SAbt TSF Welzheim"]

1. e4 c5 2. Nf3 Nc6 3. Bb5 Qc7 4. Nc3 e6 5. d4 cxd4 6. Nxd4 Nge7 7. Be3 g6 8.
Qd2 Bg7 9. Nxc6 bxc6 10. Ba4 O-O 11. Bc5 Re8 12. Bd6 Qa5 13. Bb3 Bxc3 14. bxc3
Kg7 15. O-O Ba6 16. Qf4 f6 17. Rfe1 Qxc3 18. e5 f5 19. Bb4 Nd5 20. Bxd5 Qxc2
21. Bb3 Qd3 22. Rad1 1-0

[Event "23.Schlosspark-Open"]
[Site "Wiesbaden"]
[Date "2011.08.26"]
[Round "2.66"]
[White "Sonnberger, Bernd"]
[Black "Meisegeier, Thomas"]
[Result "1/2-1/2"]
[WhiteElo "1174"]
[BlackElo "1752"]
[PlyCount "42"]
[EventDate "2011.??.??"]
[WhiteTeam "SC Dietmannsried"]
[BlackTeam "SC Frankfurt-West"]

1. Nf3 d5 2. g3 Nf6 3. Bg2 c6 4. O-O Bf5 5. d3 e6 6. Nbd2 Be7 7. h3 O-O 8. Nh4
Bg6 9. Nxg6 hxg6 10. e4 Nbd7 11. exd5 cxd5 12. Nb3 Nc5 13. Nxc5 Bxc5 14. d4 Bd6
15. Bg5 Qb6 16. Qe2 Qc7 17. Bxf6 gxf6 18. h4 Kg7 19. Bh3 Rh8 20. Kg2 f5 21. f4
Be7 1/2-1/2

[Event "23.Schlosspark-Open"]
[Site "Wiesbaden"]
[Date "2011.08.26"]
[Round "2.67"]
[White "Spelleken, Hans-Gerd"]
[Black "Leßmann, Sven"]
[Result "1-0"]
[WhiteElo "1714"]
[BlackElo "1250"]
[PlyCount "75"]
[EventDate "2011.??.??"]
[WhiteTeam "SC Alzenau"]
[BlackTeam "SC Bad Soden"]

1. d4 d5 2. Nf3 Nf6 3. e3 e6 4. Bd3 Be7 5. O-O O-O 6. Nbd2 Nbd7 7. c4 c5 8. Qc2
cxd4 9. Nxd4 Nc5 10. Be2 b6 11. b4 Na6 12. Nc6 Nxb4 13. Nxe7+ Qxe7 14. Qb3 Rd8
15. Ba3 a5 16. Bb2 Rb8 17. a3 Na6 18. Be5 Nc5 19. Qc2 Rb7 20. Rab1 Bd7 21. Bf3
Ba4 22. Qc3 Nce4 23. Nxe4 Nxe4 24. Bxe4 dxe4 25. Bxg7 Rd3 26. Qe5 f5 27. Bf6
Qf7 28. c5 b5 29. c6 Rc7 30. Rfc1 Rxa3 31. Qg3+ Kf8 32. Be5 Rc8 33. Bd6+ Ke8
34. Bxa3 b4 35. Bb2 Bxc6 36. Rxc6 Rxc6 37. Qb8+ Kd7 38. Rd1+ 1-0

[Event "23.Schlosspark-Open"]
[Site "Wiesbaden"]
[Date "2011.08.26"]
[Round "2.68"]
[White "Urbach, Jens"]
[Black "Klebs, Sebastian"]
[Result "0-1"]
[WhiteElo "1123"]
[BlackElo "1738"]
[PlyCount "80"]
[EventDate "2011.??.??"]
[WhiteTeam "Sfr. Frankfurt 1921"]
[BlackTeam "vereinslos"]

1. Nf3 d5 2. d4 Nf6 3. g3 e6 4. Bg2 c5 5. dxc5 Bxc5 6. O-O O-O 7. Bg5 h6 8.
Bxf6 Qxf6 9. c3 Nc6 10. b4 Bxb4 11. Qc2 Bc5 12. Nbd2 Bd7 13. Rfe1 Rac8 14. e4
dxe4 15. Nxe4 Qe7 16. Nxc5 Qxc5 17. Red1 Rfd8 18. Rac1 b6 19. Rd2 Be8 20. Rxd8
Rxd8 21. Nd2 Ne7 22. Ne4 Qc4 23. Bf1 Qc7 24. Nd2 Bc6 25. Be2 Qb7 26. f3 Qd7 27.
Nc4 Qc7 28. Ne3 Qb7 29. Rf1 Ng6 30. c4 Ne5 31. Kf2 Nxf3 32. Bxf3 Bxf3 33. Kg1
Be4 34. Qf2 Qe7 35. Qf4 Bb7 36. Re1 Qd6 37. Qf2 Qc6 38. Kf1 Qh1+ 39. Ke2 Bf3+
40. Qxf3 Rd2+ 0-1

[Event "23.Schlosspark-Open"]
[Site "Wiesbaden"]
[Date "2011.08.26"]
[Round "2.69"]
[White "Bangert, Martin"]
[Black "Spinnler, Wolfgang"]
[Result "0-1"]
[WhiteElo "858"]
[BlackElo "1729"]
[PlyCount "64"]
[EventDate "2011.??.??"]
[WhiteTeam "SC Eschbach/Usi- Land"]
[BlackTeam "SC Landskrone"]

1. c4 Nf6 2. Nc3 e6 3. a3 b6 4. Nf3 Bb7 5. e3 Be7 6. Be2 O-O 7. O-O d5 8. d4
Nbd7 9. b3 a6 10. Bb2 Re8 11. Qc2 Rc8 12. Bd3 dxc4 13. bxc4 Bxf3 14. gxf3 c5
15. Ne2 Nf8 16. e4 Ng6 17. e5 Nd7 18. f4 cxd4 19. f5 Ngxe5 20. Bxd4 Nxd3 21.
Qxd3 exf5 22. Qxf5 Bf6 23. Bxf6 Nxf6 24. Rad1 Qc7 25. Nf4 Re5 26. Qd3 Rg5+ 27.
Ng2 h6 28. f4 Rg4 29. h3 Rg6 30. Kh2 Nh5 31. Qf3 Qc6 32. Qxh5 Qxg2# 0-1

[Event "23.Schlosspark-Open"]
[Site "Wiesbaden"]
[Date "2011.08.26"]
[Round "2.70"]
[White "Wang, Julia"]
[Black "Sonnberger, Julian"]
[Result "1-0"]
[WhiteElo "1719"]
[BlackElo "1201"]
[PlyCount "35"]
[EventDate "2011.??.??"]
[WhiteTeam "Heilbronner SV"]
[BlackTeam "SC Dietmannsried"]

1. e4 e5 2. f4 exf4 3. Nf3 Bc5 4. d4 Bb6 5. Bxf4 d6 6. Bc4 Be6 7. Bd3 Ne7 8.
O-O O-O 9. Kh1 Nd7 10. c3 Ng6 11. Bg5 Qc8 12. Qe1 h6 13. Be3 Re8 14. Nbd2 c6
15. Nh4 Ndf8 16. Nf5 Bxf5 17. exf5 Ne7 18. Qg3 1-0

[Event "23.Schlosspark-Open"]
[Site "Wiesbaden"]
[Date "2011.08.26"]
[Round "2.71"]
[White "Kuhnigk, Thomas"]
[Black "Shayegi, Mikal"]
[Result "1-0"]
[WhiteElo "1701"]
[BlackElo "1596"]
[PlyCount "65"]
[EventDate "2011.??.??"]
[WhiteTeam "SC Taunusstein 1966"]
[BlackTeam "vereinslos"]

1. d4 d5 2. Nf3 Nf6 3. Bf4 e6 4. Nbd2 Be7 5. e3 Nbd7 6. Bd3 c5 7. c3 a6 8. Ne5
Nxe5 9. dxe5 Nd7 10. Bg3 Nf8 11. Rb1 Ng6 12. f4 d4 13. cxd4 O-O 14. O-O cxd4
15. e4 Qa5 16. Nc4 Qd8 17. f5 exf5 18. exf5 Nh8 19. Qh5 g6 20. Qf3 Bxf5 21.
Bxf5 gxf5 22. Qxf5 d3 23. Nd6 Bxd6 24. exd6 Qb6+ 25. Kh1 d2 26. Be5 Ng6 27. Bg3
Rac8 28. h4 Qe3 29. Qg4 Kh8 30. Bf2 Qd3 31. Bd4+ f6 32. Bxf6+ Kg8 33. Qe6+ 1-0

[Event "23.Schlosspark-Open"]
[Site "Wiesbaden"]
[Date "2011.08.26"]
[Round "2.72"]
[White "Hoffmann, Jörn"]
[Black "Wöhl, Sebastian"]
[Result "0-1"]
[WhiteElo "1686"]
[BlackElo "1091"]
[PlyCount "28"]
[EventDate "2011.??.??"]
[WhiteTeam "SC Taunusstein 1966"]
[BlackTeam "SC Groß-Zimmern"]

1. e4 e5 2. Nc3 Nf6 3. f4 d5 4. exd5 exf4 5. Qe2+ Be7 6. d4 Nxd5 7. Nxd5 Qxd5
8. Bxf4 Nc6 9. Bxc7 Qxd4 10. c3 Qg4 11. Nf3 O-O 12. O-O-O Be6 13. Nd4 Qg5+ 14.
Kb1 Nxd4 0-1

[Event "23.Schlosspark-Open"]
[Site "Wiesbaden"]
[Date "2011.08.26"]
[Round "2.73"]
[White "Lochmann, Tobias"]
[Black "Künitz, Klaus"]
[Result "0-1"]
[WhiteElo "730"]
[BlackElo "1684"]
[PlyCount "36"]
[EventDate "2011.??.??"]
[WhiteTeam "SV 1946 Groß-Gerau"]
[BlackTeam "TSV Schott Mainz"]

1. e4 e6 2. Nf3 d5 3. Nc3 d4 4. Nb5 c5 5. d3 Qa5+ 6. Bd2 Qxb5 7. g3 Nc6 8. Be2
e5 9. O-O Bh3 10. Re1 Be7 11. Bg5 h6 12. Bh4 g5 13. c3 gxh4 14. gxh4 Nf6 15.
Nd2 Rg8+ 16. Kh1 Bg2+ 17. Kg1 Nh5 18. Bxh5 Bf3+ 0-1

[Event "23.Schlosspark-Open"]
[Site "Wiesbaden"]
[Date "2011.08.26"]
[Round "2.74"]
[White "Schünemann, Robert"]
[Black "Wöhl, Jessica"]
[Result "1-0"]
[WhiteElo "1649"]
[BlackElo "906"]
[PlyCount "45"]
[EventDate "2011.??.??"]
[WhiteTeam "SV Saarbrücken 1970"]
[BlackTeam "SC Groß-Zimmern"]

1. e4 e5 2. Nf3 Nc6 3. Bc4 Bc5 4. b4 Bxb4 5. c3 Ba5 6. d4 exd4 7. O-O dxc3 8.
Qb3 Nf6 9. Bxf7+ Kf8 10. e5 c2 11. Na3 Qe7 12. exf6 Qxf6 13. Bh5 d5 14. Nxc2 g6
15. Bb2 d4 16. Ncxd4 Ne5 17. Nxe5 Qxe5 18. Nf3 Qxh5 19. Bxh8 Rb8 20. Rad1 c6
21. Be5 Ra8 22. Qa3+ Kg8 23. Qxa5 1-0

[Event "23.Schlosspark-Open"]
[Site "Wiesbaden"]
[Date "2011.08.26"]
[Round "2.75"]
[White "Hess, Max"]
[Black "Fey, Karl-Heinz"]
[Result "1-0"]
[WhiteElo "1645"]
[BlackElo "827"]
[PlyCount "39"]
[EventDate "2011.??.??"]
[WhiteTeam "Post-SV Memmingen"]
[BlackTeam "SC 1926 Haßloch"]

1. e4 c5 2. Nf3 Nc6 3. d4 cxd4 4. Nxd4 e6 5. Nc3 Bb4 6. Ndb5 e5 7. Nd6+ Bxd6 8.
Qxd6 Nf6 9. Nb5 Qa5+ 10. Bd2 Nxe4 11. Bxa5 Nxd6 12. Nxd6+ Kf8 13. Bc3 a6 14.
O-O-O b5 15. b3 g6 16. f4 f6 17. Re1 b4 18. Ba1 Kg7 19. fxe5 f5 20. e6+ 1-0